00694 2200265 4500001002100000005001700021008004100038020001800079035002400097082001400121090002400135100001900159245004000178250001500218260003000233300002800263500002900291650002900320850001500349980001300364985000600377999001500383999001500398999001500413YOGYA-0209000003479820090227024927.0 ind  a979-499-122-8 0010-020900000034798 a658.409 5 a658.409 5bThe ClT aTHE, Liang Gie aCara bekerja efisiencThe Liang Gie aEd.3,cet.2 aYogyakartabLibertyc1992 avi, 66 hlmbilusc21 cm aBibliografi : hlm. 63-64 aKerja - Aspek fisiologis aYOPDYOG(B) a01-11-06 a3 a94P0054819 a95P0066516 a95P0066517